LEADER 07800oam 22008773u 450 001 9910291733403321 005 20251101110032.0 010 $a9786613400482 010 $a9783110485509 010 $a3110485508 010 $a9781283400480 010 $a1283400480 010 $a9783110255386 010 $a3110255383 024 7 $a10.1515/9783110255386 035 $a(CKB)2670000000114565 035 $a(EBL)771236 035 $a(OCoLC)751963473 035 $a(SSID)ssj0000540794 035 $a(PQKBManifestationID)11925916 035 $a(PQKBTitleCode)TC0000540794 035 $a(PQKBWorkID)10492522 035 $a(PQKB)11115852 035 $a(DE-B1597)123640 035 $a(OCoLC)979636757 035 $a(DE-B1597)9783110255386 035 $a(Au-PeEL)EBL771236 035 $a(CaPaEBR)ebr10498677 035 $a(CaONFJC)MIL340048 035 $a(ScCtBLL)140b4798-3350-4302-bf0e-9f53412e74e9 035 $a(MiAaPQ)EBC771236 035 $a(oapen)https://directory.doabooks.org/handle/20.500.12854/58217 035 $a(PPN)175576092 035 $a(oapen)doab30031 035 $a(oapen)doab58217 035 $a(ODN)ODN0002496355 035 $a(EXLCZ)992670000000114565 100 $a20110721d2011 uy 0 101 0 $aeng 135 $aurnnu---|u||u 181 $ctxt 182 $cc 183 $acr 200 04$aThe reparations controversy $ethe Jewish state and German money in the shadow of the Holocaust, 1951-1952 /$fedited by Yaakov Sharett 210 $aBerlin ;$aBoston $cDe Gruyter$dc2011 210 31$aBerlin ;$aBoston : $cDe Gruyter, $d[2011] 210 1$cHa-Amutah le-moreshet Mosheh Sharet, Tel Aviv, $d[2011] 210 4$dİ2011 215 $a1 online resource (416 p.) 300 $aIncludes index. 311 0 $a9783110255089 311 0 $a3110255081 311 0 $a9783112189481 311 0 $a3112189485 327 $tFront matter --$tPreface --$tTable of Contents --$tIsraeli Coalition Governments 1950-1952 --$tDocuments --$tThe Reparation Negotiations in Israeli Politics. An Introduction by Yehiam Weitz --$t[1] Direct Contact With Germany Is Inevitable. Cabinet Meeting, 15.2.1950 --$t[2] Shall We Boycott Germany Forever? Cabinet Meeting, 30.10.1950 --$t[3] On Sending an Official Israeli Delegation to Germany. Cabinet Meeting, 27.12.1950 --$t[4] The Cabinet Decides to Send a Delegation to Germany. Cabinet Meeting, 3.1.1951 --$t[5] On Individual Compensation and General Reparations. Cabinet Meeting, 8.2.1951 --$t[6] Compensation Claim From Germany; Release of Nazi War Criminals. Knesset Foreign Affairs and Defense Committee Meeting, 13.3.1951 --$t[7] Demand for Compensation From Germany - Statement by the Foreign Minister. Knesset Session 237, 13.3.1951 --$t[8] Mitigation of Nazi War Criminals' Sentences; Compensation Claim from Germany. Knesset Sessions 242, 26.3.1951; 245, 2.4.1951 --$t[9] Israel Enlists the Jewish Organizations. Cabinet Meeting, 25.10.1951 --$t[10] Review by the Foreign Minister Followed by a Cabinet Debate. Cabinet Meeting, 28.10.1951 --$t[11] The Cabinet Prepares for the Knesset Debate. Cabinet Meeting, 4.11.1951 --$t[12] Israel's Claim for Reparations from Germany. Knesset Sessions 14-15, 4-5.11.1951 --$t[13] The Reparations Agreement with Germany. Central Committee of Israel Labor Party (Mapai) Meeting, 13.12.1951 --$t[14] The Israeli Claim is Accepted as a Basis for Negotiation. Cabinet Meeting, 16.12.1951 --$t[15] Negotiations Immediately - The Opportunity Must Not Be Missed. Cabinet Meeting, 31.12.1951 --$t[16] Reparations: Permissible or Forbidden? Kosher or Non-Kosher? Excerpts from a speech by Moshe Sharett, election meeting, 5.1.1952 --$t[17] The Foreign Minister Reports to the Foreign Affairs and Defense. Committee Before the Knesset General Debate Regarding Direct Negotiations. Knesset Foreign Affairs and Defense Committee Meeting, 7.1.1952 --$t[18] The Reparations Agreement with Germany - General Debate and Decision. Knesset Sessions 38-40, 7-9.1.1952 --$t[19] The Violent Herut Demonstration. Telegram from Moshe Sharett to Israeli Legations, 8.1.1952 --$t[20] Shall We Live in our State as a Diaspora People? Moshe Sharett's Speech, Mapai Activists' Meeting, Tel Aviv 10.1.1952 --$t[21] We Shall Not Relinquish the Plundered Property. Moshe Sharett's Speech, Open Public Meeting, Tel Aviv 12.1.1952 --$t[22] Freedom of Action for the Government. Knesset Foreign Affairs and Defense Committee Meeting, 15.1.1952 --$t[23] The Government is Ready to Enter Negotiations. Cabinet Meeting, 27.1.1952 --$t[24] Meeting With a Delegation of the Jewish Organizations. Cabinet Meeting, 17.2.1952 --$t[25] Facing the Delay in the Negotiations. Cabinet Meeting, 6.4.1952 --$t[26] The Israeli Delegation Reports. Knesset Foreign Affairs and Defense Committee Meeting, 15.4.1952 --$t[27] Waiting for a German Initiative. Mapai Political Committee Meeting, 5.5.1952 --$t[28] No Compromise on Reparations. Knesset Session 77, 6.5.1952 --$t[29] Towards Renewal of Negotiations. Cabinet Meeting, 18.6.1952 --$t[30] Who Will Sign the Reparations Agreement?. Cabinet Meeting, 24.8.1952 --$t[31] It is an Honor to Shoulder the State of Israel's Obligations. An Exchange of Letters between the Legal Adviser of the Foreign Ministry and the Foreign Minister --$t[32] Israel Labor Party Approves the Reparations Agreement. Mapai Political Committee Meeting, 5.9.1952 --$t[33] The Foreign Affairs and Defense Committee Ratifies the Agreement. Knesset Foreign Affairs and Defense Committee Meeting, 5.9.1952 --$t[34] Israel Demonstrates its Strength. Telegram from Foreign Minister Moshe Sharett to the Israeli Ambassador in Washington, 5.9.1952 --$t[35] On the Brink of Signing the Agreement. Cabinet Meeting, 7.9.1952 --$t[36] The Government of Israel Makes its Final Decision. Cabinet Meeting, 8.9.1952 --$t[37] An Historic Achievement for the State of Israel. Foreign Minister Moshe Sharett's Telegram to Israel Legations Abroad, 8.9.1952 --$t[38] Moshe Sharett: A Speech Not Made. Signing Ceremony Speech Draft, 10.9.1952 --$t[39] The Political and Moral Value of the Reparations Agreement by far Outweighs its Economic Significance. The Day After: Foreign Minister Moshe Sharett at a Press Conference, Paris 10.9.1952 --$t[40] Political Wisdom and Moral Pragmatism - Moshe Sharett and the Beginning of Relations with Germany. A Retrospective by Benyamin Neuberger --$tAppendices --$tAppendix A. 200 Hurt As Police Defend Knesset From Herut Riot --$tAppendix B. Biographical Index --$tIndex 330 $aThis book about the reparations issue (""Wiedergutmachung"" in German; ""shilumim"" in Hebrew) brings together selected protocols of all debates held in the Knesset, in its Foreign Affairs and Security Committee, in the Government and in the high councils of the ruling party Mapai, regarding conducting negotiations with the West German Government. This is the first book do 606 $aHolocaust, Jewish (1939-1945)$xReparations 606 $aHolocaust, Jewish (1939-1945)$xReparations$vSources 607 $aIsrael$xForeign relations$zGermany (West) 607 $aGermany (West)$xForeign relations$zIsrael 607 $aIsrael$xPolitics and government$y1948-1967 607 $aGermany$xPolitics and government$y1945-1990 615 0$aHolocaust, Jewish (1939-1945)$xReparations. 615 0$aHolocaust, Jewish (1939-1945)$xReparations 676 $a940.53/18144 676 $a940.5318144 686 $aHIS014000$aHIS019000$aHIS022000$2bisacsh 700 $aYaakov Sharett$4auth$01354855 701 $aSharet$b Ya?ak?ov$0887058 801 0$bMiAaPQ 801 1$bMiAaPQ 801 2$bMiAaPQ 906 $aBOOK 912 $a9910291733403321 996 $aThe reparations controversy$93358474 997 $aUNINA LEADER 02733nam 22005053 450 001 9910162846403321 005 20230808201436.0 010 $a9780834840058 010 $a0834840057 035 $a(CKB)3710000001044471 035 $a(MiAaPQ)EBC6050888 035 $a(Au-PeEL)EBL6050888 035 $a(OCoLC)958674526 035 $a(Exl-AI)6050888 035 $a(EXLCZ)993710000001044471 100 $a20210901d2016 uy 0 101 0 $aeng 135 $aurcnu|||||||| 181 $ctxt$2rdacontent 182 $cc$2rdamedia 183 $acr$2rdacarrier 200 10$aCool Mind $e11 Easy Ways to Relieve Stress, Boost Self-Confidence, and Improve Concentration in School, Sports, and Life 205 $a1st ed. 210 1$aBoston :$cShambhala,$d2016. 210 4$dİ2016. 215 $a1 online resource (51 pages) 311 08$a9781611803013 311 08$a1611803012 327 $aTitle Page -- Copyright -- Contents -- Preface -- What Is a Cool Mind? -- Why Do I Want a Cool Mind? -- How Do I Get a Cool Mind? -- How Do I Practice Meditation? -- The Techniques -- 1. Cool Mindfulness -- 2. Cool Relaxation -- 3. Cool Visualizations -- 4. Cool Performances -- 5. Cool Power -- 6. Cool Healing -- 7. Cool Walking -- 8. Cool Clarity -- 9. Cool Focus -- 10. Cool Gratitude -- 11. Cool Release -- Extra Stuff -- A Final Word -- About the Author -- E-mail Sign-Up$7Generated by AI. 330 $aDavid Keefe's 'Cool Mind' offers practical techniques for stress management and improving concentration through relaxation and meditation. Aimed at individuals seeking to manage stress in everyday situations like exams, sports, and social interactions, the book emphasizes cultivating a 'Cool Mind'?a state of calmness and control over one's emotions. Keefe explains that stress and anxiety often arise from negative thought patterns and provides methods to shift these to more positive thinking. By practicing mindfulness and meditation, readers can learn to let go of resistance to stressors, leading to improved decision-making and emotional well-being. The book is designed for a broad audience, including students and professionals, seeking to enhance their mental clarity and reduce stress-related symptoms.$7Generated by AI. 606 $aStress management$7Generated by AI 606 $aRelaxation$7Generated by AI 615 0$aStress management 615 0$aRelaxation 676 $a158.1/28 676 $a158.128 686 $aSEL024000$aOCC010000$2bisacsh 700 $aKeefe$b David$01247680 801 0$bMiAaPQ 801 1$bMiAaPQ 801 2$bMiAaPQ 906 $aBOOK 912 $a9910162846403321 996 $aCool Mind$92892178 997 $aUNINA